Online
Catalog

Boletín informativo curso de vida : (Record no. 58075)

MARC details
000 -CABECERA
campo de control de longitud fija 00935nas a2200229 a 4500
005 - FECHA Y HORA DE LA ÚLTIMA TRANSACCIÓN
campo de control 20250415092505.0
007 - CAMPO FIJO DE DESCRIPCIÓN FÍSICA--INFORMACIÓN GENERAL
campo de control de longitud fija ta
008 - DATOS DE LONGITUD FIJA--INFORMACIÓN GENERAL
campo de control de longitud fija 250122e2024 dr z||p|r||||||0| 0|spa d
022 ## - NÚMERO INTERNACIONAL NORMALIZADO PARA PUBLICACIONES SERIADAS
Número Internacional Normalizado para Publicaciones Seriadas 2811-5163
040 ## - FUENTE DE LA CATALOGACIÓN
Centro catalogador/agencia de origen DO-SdBNP
Centro/agencia transcriptor BNPHU
Normas de descripción rda
041 ## - CÓDIGO DE LENGUA
Código de lengua original spa
110 ## - ENTRADA PRINCIPAL--NOMBRE DE ENTIDAD CORPORATIVA
Nombre de entidad corporativa o nombre de jurisdicción como elemento de entrada República Dominicana, Ministerio de Salud Pública
9 (RLIN) 86901
245 ## - MENCIÓN DE TÍTULO
Título Boletín informativo curso de vida :
Resto del título boletín cuatrimestral no. 2 /
Mención de responsabilidad, etc. Ministerio de Salud Pública.
260 ## - PUBLICACIÓN, DISTRIBUCIÓN, ETC.
Lugar de publicación, distribución, etc. Santo Domingo, República :
Nombre del editor, distribuidor, etc. Ministerio de Salud Pública,
Fecha de publicación, distribución, etc. [2024].
300 ## - DESCRIPCIÓN FÍSICA
Extensión volumen :
Otras características físicas ilustraciones, fotografías ;
Dimensiones 25 cm.
310 ## - PERIODICIDAD ACTUAL
Periodicidad actual Cuatrimestral.
362 ## - FECHAS DE PUBLICACIÓN Y/O DESIGNACIÓN SECUENCIAL
Fecha de publicación y/o designación secuencial No. 2. Septiembre-Diciembre 2024.
650 #0 - PUNTO DE ACCESO ADICIONAL DE MATERIA--TÉRMINO DE MATERIA
Término de materia o nombre geográfico como elemento de entrada Salud
Subdivisión de forma Publicaciones periódicas
9 (RLIN) 1687
651 #0 - PUNTO DE ACCESO ADICIONAL DE MATERIA--NOMBRE GEOGRÁFICO
Nombre geográfico República Domincana
9 (RLIN) 86749
Subdivisión general Salud pública
Subdivisión de forma Publicaciones periódicas
856 ## - LOCALIZACIÓN Y ACCESO ELECTRÓNICOS
Identificador Uniforme del Recurso <a href="https://repositorio.msp.gob.do/bitstream/handle/123456789/2283/2811-5163.pdf?sequence=1">https://repositorio.msp.gob.do/bitstream/handle/123456789/2283/2811-5163.pdf?sequence=1</a>
942 ## - ELEMENTOS DE PUNTO DE ACCESO ADICIONAL (KOHA)
Fuente del sistema de clasificación o colocación Dewey Decimal Classification
Tipo de ítem Koha Publicación periódica
Holdings
Estado de retiro Estado de pérdida Fuente del sistema de clasificación o colocación Estado dañado Restricciones de uso No para préstamo Código de colección Localización permanente Ubicación/localización actual Fecha de adquisición Enumeración/cronología de publicación seriada Total de préstamos Código de barras Fecha visto por última vez Número de copia Precio válido a partir de Tipo de ítem Koha Nota pública
    Dewey Decimal Classification   Préstamo en sala   Hemeroteca Biblioteca Nacional Pedro Henríquez Ureña Biblioteca Nacional Pedro Henríquez Ureña 22.01.2025 No. 2. Septiembre-Diciembre 2024.   2025-0221 22.01.2025 e.1 22.01.2025 Publicación periódica Ruta de la salud: Cambia tu estilo de vida.
    Dewey Decimal Classification   Préstamo en sala   Hemeroteca Biblioteca Nacional Pedro Henríquez Ureña Biblioteca Nacional Pedro Henríquez Ureña 22.01.2025 No. 2. Septiembre-Diciembre 2024.   2025-0222 22.01.2025 e.2 22.01.2025 Publicación periódica Ruta de la salud: Cambia tu estilo de vida.
    Dewey Decimal Classification   Préstamo en sala   Hemeroteca Biblioteca Nacional Pedro Henríquez Ureña Biblioteca Nacional Pedro Henríquez Ureña 22.01.2025 No. 2. Septiembre-Diciembre 2024.   2025-0223 22.01.2025 e.3 22.01.2025 Publicación periódica Ruta de la salud: Cambia tu estilo de vida.

Powered by Koha